000 00843nam a2200241 a 4500
001 000010491
005 20240412074219.0
008 091007t2003 dr 001 p spa d
040 _aDO-SdBNP
_bspa
_cBNPHU
082 _aRD861.44
_bN682c
100 1 _aNieves, Benito Ángel,
_d1966-
_925492
245 1 0 _aConmociones del entorno amoroso :
_bpoesía /
_cBenito Ángel Nieves ; prólogo Robert Berroa.
260 _aSanto Domingo :
_bBúho,
_c2003.
300 _a116 p. ;
_c22 cm.
490 1 _aPublicaciones Mir
_v2
500 _aIncluye datos biográficos del autor en la contracubierta.
590 _aInventariado, 2018/LP
650 0 _aPoesía dominicana
_966
650 0 _aLiteratura dominicana.
_967
700 1 _aBerroa, Robert,
_epról.
_910541
830 0 _aPublicaciones Mir
_v2
_925493
910 _aValidado. Control de calidad EMS.
999 _c10250
_d10250